000 00583nam a2200241Ia 4500
005 20260306150922.0
008 008 260114s9999 xx 000 0 eng d
020 _a9783964566553
037 _aEbook
040 _aCRL
040 _beng
040 _cCRL
041 _2eng
041 _aeng
084 _qCRL
245 0 _aMateriales para una autobiografía filosófica
260 _bVervuert Verlagsgesellschaft
260 _c2016
650 _aPhilosophy
856 _uhttps://www.degruyter.com/isbn/9783964566553
942 _cEBOOK
999 _c1700742
_d1700742